Čísla pro každého 1966

Na minha lista:
Detalhes bibliográficos
Formato: Livro
Idioma:tcheco
Publicado em: Praha Slovenské vydavatelství technické literatury 1966
Tags: Adicionar Tag
Sem tags, seja o primeiro a adicionar uma tag!

MARC

LEADER 00000nam a2200000 4500
001 c122769
005 20250520072517.2
041 0 |a cze 
044 |a CZ 
245 1 0 |a Čísla pro každého 1966  |c Karel Hanek 
264 1 |a Praha  |b Slovenské vydavatelství technické literatury  |c 1966 
300 |a 344 s.